The need to share

Bibliographic Details
Main Author: Kumara Velu
Format: Book
Published: P.Jaya : Vital Star , 1995
Series:The favourite animal fables
Subjects:

MARC

LEADER 00000cam a2200000 7i4500
001 0000006176
002 000006667
005 20080401.0
020 |a 983024024X 
090 0 0 |a JF   |b KUM 
100 0 |a Kumara Velu 
245 1 4 |a The need to share   |c Kumara Velu 
260 |a P.Jaya :   |b Vital Star ,   |c 1995 
300 |a 22p. :   |b ill ;   |c 21cm. 
490 0 |a The favourite animal fables 
650 0 0 |a Children's stories 
999 |a 038519   |b BUKU   |c PINJAMAN   |e PERPUSTAKAAN KOMUNITI PETALING JAYA